| 000 | 00548nam a22001817a 4500 | ||
|---|---|---|---|
| 999 |
_c190695 _d190695 |
||
| 005 | 20220803103046.0 | ||
| 010 | _aENG-134187 | ||
| 020 |
_a9789386050670 _c399.00 |
||
| 035 | _aEN-117719 | ||
| 037 | _bDBAD/PUB | ||
| 082 | _a954.16 | ||
| 100 | _aLiddle, Swapna | ||
| 245 |
_aChandni Chowk: _cby Swapna Liddle _bthe mughal city of old Delhi / |
||
| 260 |
_aNew Delhi _bSpeaking Tiger _c2017 |
||
| 270 |
_a4381/4, Ansari Road, Daryaganj, _bNew Delhi _e110002 |
||
| 300 |
_axii,256p. _c20cm(Hb) |
||
| 942 |
_2ddc _cEN _h954.16 _mLID |
||